00748nam a22001937a 450000500170000001000150001702000260003203500130005803700130007110000230008424501330010726000450024027000630028530000270034870000280037594200170040399900170042095201170043720141113122903.0 aENG-111216 a9780199450558c450.00 aEN-94748 bDBAD/PUB aRudolph, Lloyd I.  aDestiation India :bfrom London overland to India and what we learned there /cby Lloyd I . Rudolph [and] Susanne Hoeber Rudolph aNew DelhibOxford University Pressc2014 aYMCA Library building, 1 Jai Singh RoadbNew Delhie110001 axiii, 201p.c22cm(pbk) aRudolph, Susanne Hoeber 2ddccENmRUD c90020d90020 001040718NFICaDBADbDBADd2014-11-13eDBAD/PUBg450.00l0oRUDpEN-94748r2014-11-13 00:00:00t1v450.00yEN